=LDR 00000nam 2200000 4500 =001 INLIS000000000008159 =005 20200707103828 =035 ##$$a 0010-061300000008159 =008 200707################g##########0#ind## =041 ##$$a Ind =090 ##$$a 2x5.2, Chi s =100 1#$$a Chittick, William C =245 1#$$a The Sufi Path of knowledge, pengetahuan spritual, /$c William C. Chittik ; penerjemah, Achmad Nidjam =260 ##$$a 2001 :$b Yogyakarta,$c 2001 =300 ##$$a xi, 414 hlm, ; $c 14 x 21 cm =650 #4$$a Tasawuf =020 ##$$a 979-9440-13-0 =082 ##$$a 2x4.2 =084 ##$$a 2x4.2 CHI t =250 ##$$a cet.1 =990 ##$$a DW00027285 =990 ##$$a 171.155/Pro.2002 =990 ##$$a 171.156/Pro.2002